000 00517nam a2200169Ia 4500
008 190805s9999||||xx |||||||||||||| ||und||
020 _a9789332575288
_cRs. 849.00
082 0 4 _a510.2462
_bJ2311
100 1 _aJames, Glyn
245 1 0 _aAdvanced Modern Engineering Mathematics /
_cGlyn James
250 _a4th ed.
260 _aNoida :
_bPearson India Education Ltd.,
_c2016
300 _axxii, 1036 p.
_b : ill.
_c; 24 cm.
650 0 _aEngineering mathematics
_vTextbooks
942 _cBK
999 _c190
_d190